<?xml version="1.0" encoding="UTF-8"?>
<marc:record xmlns:marc="http://www.loc.gov/MARC21/slim">
   <marc:leader>00000nam a2200000 a 4500</marc:leader>
   <marc:datafield ind1="1" ind2=" " tag="100">
      <marc:subfield code="a">Cooper, Bradley</marc:subfield>
   </marc:datafield>
   <marc:datafield ind1="1" ind2=" " tag="100">
      <marc:subfield code="a">Helms, Ed</marc:subfield>
   </marc:datafield>
   <marc:datafield ind1="1" ind2=" " tag="100">
      <marc:subfield code="a">Galifianakis, Zach</marc:subfield>
   </marc:datafield>
   <marc:datafield ind1="0" ind2="0" tag="245">
      <marc:subfield code="a">Hangover</marc:subfield>
   </marc:datafield>
   <marc:datafield ind1="0" ind2="0" tag="245">
      <marc:subfield code="c">Todd Phillips [Regie]</marc:subfield>
   </marc:datafield>
   <marc:datafield ind1=" " ind2="1" tag="264">
      <marc:subfield code="b">Warner Home Video - DVD</marc:subfield>
      <marc:subfield code="c">2009</marc:subfield>
   </marc:datafield>
   <marc:datafield ind1="1" ind2=" " tag="520">
      <marc:subfield code="a">Doug (Justin Bartha) steht kurz vor der Eheschliessung. Bevor die Falle zuschnappt will er nochmal so richtig einen draufmachen. Er fährt mit seinen Kumpels Phil (Bradley Cooper), Stu (Ed Helms) und seinem zukünftigen Schwager Alan (Zach Galifianakis) nach Las Vegas. Sie sind wild entschlossen die Nacht durchzufeiern. Doch als die drei Trauzeugen am nächsten Tag verkatert aufwachen, können sie sich an nichts mehr erinnern. Die Hotelsuite ist ein Trümmerfeld und der Bräutigam ist spurlos verschwunden. Die Zeit drängt, der Hochzeitstermin kommt immer näher. Verzweifelt versuchen die Buddys zu rekonstruieren was in dieser Nacht passiert ist um die Fährte aufzunehmen und Doug schliesslich doch noch in den sicheren Hafen der Ehe geleiten zu können.</marc:subfield>
   </marc:datafield>
   <marc:datafield ind1=" " ind2=" " tag="020">
      <marc:subfield code="a">5051890008961</marc:subfield>
      <marc:subfield code="9">5051890008961</marc:subfield>
   </marc:datafield>
   <marc:datafield ind1="0" ind2=" " tag="490">
      <marc:subfield code="v">0</marc:subfield>
   </marc:datafield>
   <marc:datafield ind1=" " ind2=" " tag="300">
      <marc:subfield code="a">98 Minuten</marc:subfield>
   </marc:datafield>
</marc:record>
